| 000 | 00532nam a22001457a 4500 | ||
|---|---|---|---|
| 999 |
_c535730 _d535730 |
||
| 082 | _a621.3678 | ||
| 100 | _aAli, Mehwish | ||
| 245 |
_aAssessment of carbon Stocks of Moist Temperate Forest of Pakistan Using Remote Sensing Methods and Forest Inventory / _cMehwish Ali. |
||
| 260 |
_aIslamabad : _bIGIS - NUST, _c2012. |
||
| 300 |
_a66 p. : ill. ; _c30cm. |
||
| 942 |
_2ddc _cTHE |
||
| 650 |
_aRemote Sensing & GIS - MS Theses. _928080 |
||
| 700 |
_aSup Dr. Javed Iqbal. _930361 |
||